000 00595nam a2200241Ia 4500
003 OSt
005 20220912150902.0
006 a|||||r|||| 00| 0
007 ta
008 220909b |||||||| |||| 00| 0 eng d
024 _a60911
037 _cTextual
040 _aCSL
_beng
_cCSL
041 _aeng
082 _aB, K76
100 _aTrigg Charles W
245 0 _aMathematical quickies
260 _aNew York
_b McGraw-Hill
_c1967
300 _axi,210p.
_ccm.
650 _aMathematics
942 _hB, K76
_cTEXL
_2CC
999 _c56842
_d56842